[Event "Paul Keres mem (23rd)"]
[Site "Vancouver CAN"]
[Date "1998.05.18"]
[Round "6"]
[White "Teplitsky, Yan"]
[Black "Hallam, John"]
[Result "1-0"]
[WhiteElo "2534"]
[BlackElo "2219"]
[PlyCount "93"]
[GameId "2160767911873180"]
[EventDate "1998.05.15"]
[EventType "swiss"]
[EventRounds "7"]
[EventCountry "CAN"]

1. Nf3 c5 2. c4 Nc6 3. d4 cxd4 4. Nxd4 e6 5. Nc3 Nf6 6. g3 Ne5 7. e4 Bb4 8. Qe2 d6 9. Bd2 a6 10. f4 Ng6 11. Nc2 Bc5 12. Bg2 Qc7 13. Rc1 O-O 14. h4 Ne7 15. g4 Nc6 16. g5 Nd7 17. Qd3 Rb8 18. a3 Rd8 19. b4 Ba7 20. h5 Nce5 21. fxe5 Nxe5 22. Qe2 Qxc4 23. Qxc4 Nxc4 24. Bf1 Ne5 25. Rh3 b5 26. Be3 Bxe3 27. Rxe3 Bb7 28. Nd4 Rbc8 29. Na2 Kf8 30. Rxc8 Rxc8 31. Rc3 Rb8 32. Bg2 Ke8 33. Nc1 Ke7 34. Ncb3 Rh8 35. Nf3 Nc4 36. Nbd2 Nb6 37. Nd4 Rc8 38. Rxc8 Nxc8 39. g6 hxg6 40. hxg6 f5 41. Nxe6 fxe4 42. Nxg7 d5 43. Nf5+ Ke6 44. g7 Kf7 45. Nb3 Bc6 46. Nc5 Nb6 47. Ne6 1-0

[Event "Quebec-Tch"]
[Site "Montreal CAN"]
[Date "1998.02.28"]
[Round "1"]
[White "Teplitsky, Yan"]
[Black "Parent, Francois"]
[Result "1-0"]
[WhiteElo "2500"]
[BlackElo "1905"]
[PlyCount "73"]
[GameId "2160767911873848"]
[EventDate "1998.02.28"]
[EventType "team"]
[EventRounds "4"]
[EventCountry "CAN"]
[SourceTitle "Echec+ 1998.05"]

1. Nf3 d5 2. c4 d4 3. g3 Nc6 4. Bg2 e5 5. d3 Bb4+ 6. Nbd2 h5 7. h3 h4 8. g4 f5 9. gxf5 Bxf5 10. a3 Bxd2+ 11. Nxd2 Qd7 12. b4 O-O-O 13. Nb3 b6 14. Bg5 Nf6 15. Nd2 Ne7 16. b5 Rh5 17. Qa4 Kb8 18. f4 exf4 19. Bxf4 Ng6 20. Bh2 Rg5 21. Bf3 Qe7 22. O-O-O Ne5 23. Kb1 Nxf3 24. Nxf3 Rh5 25. Ne5 Bd7 26. Ng6 Qc5 27. Rhg1 Rh6 28. Rg5 Bxb5 29. Qxb5 Qxb5+ 30. cxb5 Nd5 31. Kb2 Nc3 32. Rf1 Rd5 33. Rxd5 Nxd5 34. Ne5 Nf6 35. Nc6+ Kb7 36. Nxd4 a6 37. bxa6+ 1-0

[Event "CAN-Tch"]
[Site "CAN"]
[Date "1998.??.??"]
[Round "?"]
[White "Teplitsky, Yan"]
[Black "Hasanov, Marat"]
[Result "1/2-1/2"]
[WhiteElo "2460"]
[BlackElo "2265"]
[PlyCount "91"]
[GameId "2160767911874157"]
[EventDate "1998.??.??"]
[EventRounds "5"]
[EventCountry "CAN"]
[SourceTitle "EXT 2002"]
[Source "ChessBase"]
[SourceDate "2001.11.25"]
[SourceVersion "1"]
[SourceVersionDate "2001.11.25"]
[SourceQuality "1"]

1. Nf3 c5 2. c4 Nc6 3. d4 cxd4 4. Nxd4 g6 5. e4 Bg7 6. Be3 Nf6 7. Nc3 Ng4 8. Qxg4 Nxd4 9. Qd1 Ne6 10. Qd2 Qa5 11. Rc1 b6 12. Be2 Bb7 13. f3 g5 14. O-O h5 15. Rfd1 d6 16. Nd5 Qxd2 17. Rxd2 Be5 18. g3 h4 19. Kg2 hxg3 20. hxg3 f6 21. Bf2 Kf7 22. Rh1 Rxh1 23. Kxh1 Ng7 24. Kg2 Rc8 25. Be3 e6 26. f4 gxf4 27. gxf4 exd5 28. cxd5 Bxb2 29. Rxb2 f5 30. Bd3 Re8 31. Rc2 fxe4 32. Rc7+ Re7 33. Rxe7+ Kxe7 34. Bxe4 Ne8 35. Bf2 Nf6 36. Bh4 Kf7 37. Bxf6 Kxf6 38. Kf3 Bc8 39. Ke3 Bf5 40. Bg2 Bb1 41. a3 Ba2 42. Be4 a5 43. Kd4 b5 44. Bd3 b4 45. axb4 axb4 46. Bc4 1/2-1/2

[Event "Paul Keres mem (22nd)"]
[Site "Vancouver CAN"]
[Date "1997.05.16"]
[Round "1.3"]
[White "Teplitsky, Yan"]
[Black "Downey, Glen"]
[Result "1-0"]
[WhiteElo "2529"]
[BlackElo "2045"]
[PlyCount "69"]
[GameId "2160767911965877"]
[EventDate "1997.05.16"]
[EventType "swiss"]
[EventRounds "7"]
[EventCountry "CAN"]

1. Nf3 d5 2. c4 e6 3. g3 Nf6 4. Bg2 Be7 5. O-O O-O 6. d4 b6 7. cxd5 exd5 8. Nc3 Bb7 9. Bf4 Nbd7 10. Rc1 a6 11. Ne5 Nxe5 12. dxe5 Ne4 13. Nxe4 dxe4 14. Qc2 Bc5 15. Bxe4 Bxe4 16. Qxe4 Qe7 17. Be3 Bxe3 18. Qxe3 Rfe8 19. f4 c5 20. Rfd1 Rad8 21. Qb3 b5 22. Qa3 Qa7 23. Qe3 Rd4 24. Rxd4 cxd4 25. Qd3 f6 26. exf6 Re3 27. Rc8+ Kf7 28. Qxh7 Kxf6 29. Rc6+ Re6 30. Qh4+ Kf7 31. Qh5+ Ke7 32. Qg5+ Kf7 33. Qf5+ Rf6 34. Rxf6+ gxf6 35. Qh7+ 1-0

[Event "Paul Keres mem (22nd)"]
[Site "Vancouver CAN"]
[Date "1997.05.17"]
[Round "2.3"]
[White "Neufahrt, Gerhard"]
[Black "Teplitsky, Yan"]
[Result "0-1"]
[WhiteElo "2172"]
[BlackElo "2529"]
[PlyCount "70"]
[GameId "2160767911965890"]
[EventDate "1997.05.16"]
[EventType "swiss"]
[EventRounds "7"]
[EventCountry "CAN"]

1. d4 g6 2. Nf3 Bg7 3. c3 d6 4. e4 Nf6 5. e5 Nd5 6. Qb3 Nb6 7. Bf4 O-O 8. Nbd2 Nc6 9. Be2 Be6 10. Qc2 Bf5 11. Qb3 a5 12. a4 dxe5 13. dxe5 Qd5 14. Qxd5 Nxd5 15. Bg3 Rfd8 16. Bb5 Na7 17. Nd4 Nxb5 18. Nxf5 gxf5 19. axb5 f4 20. Bh4 Bxe5 21. Nc4 Bg7 22. O-O b6 23. Rfe1 Kf8 24. Ne5 Bxe5 25. Rxe5 f6 26. Re4 Kf7 27. c4 Nb4 28. Rxf4 Nd3 29. Re4 Nxb2 30. Rae1 Rd7 31. f3 a4 32. Bf2 a3 33. Bd4 Nxc4 34. Bxf6 Nd6 35. Rxe7+ Rxe7 0-1

[Event "Paul Keres mem (22nd)"]
[Site "Vancouver CAN"]
[Date "1997.05.17"]
[Round "3.3"]
[White "Teplitsky, Yan"]
[Black "Ferguson, Jim"]
[Result "1-0"]
[WhiteElo "2529"]
[BlackElo "2231"]
[PlyCount "79"]
[GameId "2160767911965904"]
[EventDate "1997.05.16"]
[EventType "swiss"]
[EventRounds "7"]
[EventCountry "CAN"]

1. d4 Nf6 2. c4 e6 3. Nc3 Bb4 4. Qc2 c5 5. dxc5 Qc7 6. Bg5 Nc6 7. Nf3 Bxc5 8. e3 a6 9. Be2 O-O 10. Bxf6 gxf6 11. O-O b6 12. a3 Bb7 13. b4 Be7 14. Nd5 Qd8 15. Nxe7+ Qxe7 16. Qb2 Rfd8 17. Rfd1 d6 18. e4 Ne5 19. Nd2 f5 20. Qd4 Rac8 21. f4 Ng6 22. exf5 e5 23. fxe5 dxe5 24. Qf2 Nf4 25. Bf3 Qg5 26. Kh1 Nd3 27. Qxb6 Rd4 28. Qxb7 Nf2+ 29. Kg1 Qe3 30. Qxc8+ Kg7 31. f6+ Kxf6 32. Qh8+ Ke7 33. Qxe5+ Qxe5 34. Re1 Ne4 35. Nxe4 Kf8 36. c5 Rd3 37. Nf2 Qd4 38. Rad1 Rxd1 39. Rxd1 Qb2 40. c6 1-0

[Event "Paul Keres mem (22nd)"]
[Site "Vancouver CAN"]
[Date "1997.05.18"]
[Round "4.1"]
[White "Ross, Paul"]
[Black "Teplitsky, Yan"]
[Result "0-1"]
[WhiteElo "2327"]
[BlackElo "2529"]
[PlyCount "130"]
[GameId "2160767911965914"]
[EventDate "1997.05.16"]
[EventType "swiss"]
[EventRounds "7"]
[EventCountry "CAN"]

1. d4 g6 2. c4 Bg7 3. Nc3 c5 4. d5 Bxc3+ 5. bxc3 f5 6. h4 Nf6 7. h5 Rg8 8. hxg6 hxg6 9. Qa4 Qb6 10. Nh3 Qa6 11. Qb3 d6 12. Ng5 Nbd7 13. a4 Ne5 14. e3 Bd7 15. a5 b6 16. Qa2 bxa5 17. Qxa5 Qxa5 18. Rxa5 Nf7 19. Nxf7 Kxf7 20. f3 e5 21. dxe6+ Bxe6 22. Ra6 Ke7 23. Kd2 Bc8 24. Ra5 a6 25. Bd3 Rb8 26. Kc2 Rb6 27. Bd2 Be6 28. Rha1 Ra8 29. Be1 Nd7 30. Bh4+ Kf7 31. Bg3 Kf6 32. f4 Nb8 33. e4 Nc6 34. R5a2 fxe4 35. Bxe4 Bxc4 36. Bh4+ Kf7 37. Rb2 Rxb2+ 38. Kxb2 d5 39. Bf3 Rb8+ 40. Kc2 Rc8 41. Re1 d4 42. Be4 Be6 43. Ra1 dxc3 44. Kxc3 Nb4 45. Rd1 Na2+ 46. Kc2 Nb4+ 47. Kc3 a5 48. Rd6 c4 49. g4 Na2+ 50. Kc2 c3 51. f5 gxf5 52. gxf5 Nb4+ 53. Kc1 Bb3 54. Rf6+ Kg7 55. Rg6+ Kh7 56. Rb6 Na2+ 57. Kb1 c2+ 58. Bxc2 Nc3+ 59. Kb2 Na4+ 60. Kxb3 Nxb6 61. f6+ Kh6 62. Bf2 Nd5 63. Bd4 a4+ 64. Kb2 a3+ 65. Kxa3 Nxf6 0-1

[Event "Paul Keres mem (22nd)"]
[Site "Vancouver CAN"]
[Date "1997.05.18"]
[Round "5.1"]
[White "Teplitsky, Yan"]
[Black "Orlov, Georgi"]
[Result "1/2-1/2"]
[WhiteElo "2529"]
[BlackElo "2598"]
[PlyCount "69"]
[GameId "2160767911965927"]
[EventDate "1997.05.16"]
[EventType "swiss"]
[EventRounds "7"]
[EventCountry "CAN"]

1. c4 Nf6 2. Nc3 d6 3. g3 Bg4 4. Bg2 c6 5. h3 Be6 6. b3 g6 7. e4 Bg7 8. Nge2 Qc8 9. d4 O-O 10. Bb2 Na6 11. Nf4 Bd7 12. e5 dxe5 13. dxe5 Ne8 14. Qe2 Nec7 15. h4 Ne6 16. Nxe6 Bxe6 17. O-O Qc7 18. f4 Rad8 19. Rfd1 Qb6+ 20. Kh2 Nc5 21. Ne4 Nxe4 22. Bxe4 h5 23. Kg2 Qa5 24. Qc2 Bg4 25. Rxd8 Rxd8 26. Bc3 Qb6 27. Qf2 e6 28. Qxb6 axb6 29. Kf2 Bf8 30. b4 Ra8 31. a4 Rd8 32. Bc2 Rc8 33. Be4 Rd8 34. Bc2 Rc8 35. Be4 1/2-1/2

[Event "Paul Keres mem (22nd)"]
[Site "Vancouver CAN"]
[Date "1997.05.19"]
[Round "6.1"]
[White "Vetemaa, Juri"]
[Black "Teplitsky, Yan"]
[Result "0-1"]
[WhiteElo "2532"]
[BlackElo "2529"]
[PlyCount "68"]
[GameId "2160767911965940"]
[EventDate "1997.05.16"]
[EventType "swiss"]
[EventRounds "7"]
[EventCountry "CAN"]

1. e4 c5 2. Nf3 d6 3. d4 Nf6 4. dxc5 Qa5+ 5. Bd2 Qxc5 6. Nc3 e6 7. Bd3 a6 8. Qe2 Nbd7 9. a4 b6 10. O-O Be7 11. Be3 Qc7 12. Nd4 Bb7 13. Kh1 Nc5 14. Bd2 O-O 15. f4 Rfe8 16. Rf3 Bf8 17. b4 Nxd3 18. cxd3 Rac8 19. Rh3 g6 20. Qf2 Bg7 21. Qh4 h5 22. Nde2 Ng4 23. Rf1 f5 24. Rc1 Qe7 25. Qe1 fxe4 26. Nxe4 Rxc1 27. Bxc1 e5 28. f5 gxf5 29. N4g3 e4 30. Nxf5 Qf7 31. Qf1 exd3 32. Rxd3 Be4 33. Rf3 Bxf3 34. Qxf3 Rxe2 0-1

[Event "Paul Keres mem (22nd)"]
[Site "Vancouver CAN"]
[Date "1997.05.19"]
[Round "7.1"]
[White "Teplitsky, Yan"]
[Black "Yoos, John"]
[Result "1/2-1/2"]
[WhiteElo "2529"]
[BlackElo "2414"]
[PlyCount "24"]
[GameId "2160767911965954"]
[EventDate "1997.05.16"]
[EventType "swiss"]
[EventRounds "7"]
[EventCountry "CAN"]

1. d4 Nf6 2. c4 g6 3. Nc3 Bg7 4. e4 d6 5. Be2 O-O 6. Nf3 Na6 7. O-O e5 8. Qc2 Nb4 9. Qd1 Nc6 10. Be3 Re8 11. dxe5 dxe5 12. Qxd8 Rxd8 1/2-1/2

[Event "Northern Alberta op"]
[Site "Edmonton CAN"]
[Date "1997.02.23"]
[Round "4"]
[White "Teplitsky, Yan"]
[Black "Day, Lawrence"]
[Result "0-1"]
[WhiteElo "2531"]
[BlackElo "2483"]
[PlyCount "80"]
[GameId "2160767911966462"]
[EventDate "1997.02.22"]
[EventType "swiss"]
[EventRounds "5"]
[EventCountry "CAN"]
[SourceTitle "CFC 1997.08"]

1. Nf3 Nc6 2. d4 d5 3. c4 Bg4 4. Nc3 e6 5. Bf4 Bxf3 6. gxf3 Bb4 7. a3 Bxc3+ 8. bxc3 Nge7 9. cxd5 exd5 10. e3 O-O 11. Bd3 Ng6 12. Bg3 f5 13. f4 Na5 14. h4 Qd7 15. h5 Ne7 16. Bh4 Nc8 17. Qb1 Nd6 18. Ke2 Rac8 19. Qb4 b6 20. Ba6 Rce8 21. h6 g6 22. Bd3 Qc6 23. Rac1 Nac4 24. Qb3 Ne4 25. a4 a6 26. Rc2 Re6 27. Qb4 Rfe8 28. Rh3 Kf7 29. Qb3 a5 30. Rc1 Rb8 31. Rhh1 b5 32. Rc2 Qe8 33. Rb1 Ned6 34. Kf1 Rb6 35. axb5 Rxb5 36. Qa2 Rxb1+ 37. Qxb1 Na3 38. Qa2 Nxc2 39. Qxa5 Nxe3+ 40. fxe3 Qc6 0-1

[Event "Teplitsky-Yoos m"]
[Site "Vancouver CAN"]
[Date "1997.02.12"]
[Round "1"]
[White "Yoos, John"]
[Black "Teplitsky, Yan"]
[Result "1-0"]
[WhiteElo "2409"]
[BlackElo "2531"]
[PlyCount "129"]
[GameId "2160767911966483"]
[EventDate "1997.02.12"]
[EventType "match"]
[EventRounds "4"]
[EventCountry "CAN"]
[SourceTitle "CFC 1997.04"]
[SourceDate "2011.01.01"]
[SourceVersion "1"]
[SourceVersionDate "2011.01.01"]
[SourceQuality "1"]

1. e4 c5 2. Nf3 d6 3. d4 Nf6 4. Nc3 cxd4 5. Nxd4 Nc6 6. Bg5 Bd7 7. Be2 a6 8. Bxf6 gxf6 9. O-O e6 10. Kh1 Qb6 11. Nb3 O-O-O 12. Bh5 Be8 13. Qf3 Be7 14. Qg4 Bd7 15. f4 Rdg8 16. Qe2 Rg7 17. Rad1 Na5 18. Rd3 Nxb3 19. axb3 Kb8 20. Rfd1 Rc8 21. Bf3 Be8 22. Qe1 Rc7 23. Qd2 Rc8 24. Ne2 Qf2 25. c4 Bc6 26. Qc1 f5 27. Rf1 Qc5 28. exf5 Bxf3 29. Rdxf3 Qxf5 30. Ng3 Qa5 31. f5 Bg5 32. Qd1 d5 33. Qd4 Rgg8 34. fxe6 fxe6 35. Rf7 dxc4 36. bxc4 Qb4 37. Qe5+ Ka8 38. Qxe6 Qxc4 39. Qd7 Qb4 40. Rxh7 Qxb2 41. Qd5 Bf4 42. Ne2 Bb8 43. Ng1 Rcd8 44. Qe4 Rd4 45. Rb1 Rxe4 46. Rxb2 Re1 47. g3 Ba7 48. Rg2 Rf8 49. h4 Bc5 50. Kh2 Rff1 51. h5 Rxg1 52. Rxg1 Bxg1+ 53. Kh3 Bd4 54. Rd7 Bc3 55. g4 Re3+ 56. Kg2 a5 57. h6 Re6 58. h7 Rh6 59. Kf3 a4 60. g5 Rg6 61. Kf4 Ra6 62. Rd8+ Ka7 63. h8=Q Bxh8 64. Rxh8 a3 65. Rh1 1-0

[Event "Teplitsky-Yoos m"]
[Site "Vancouver CAN"]
[Date "1997.02.12"]
[Round "2"]
[White "Teplitsky, Yan"]
[Black "Yoos, John"]
[Result "1-0"]
[WhiteElo "2531"]
[BlackElo "2409"]
[PlyCount "71"]
[GameId "2160767911966484"]
[EventDate "1997.02.12"]
[EventType "match"]
[EventRounds "4"]
[EventCountry "CAN"]
[SourceTitle "CFC 1997.04"]
[SourceDate "2011.01.01"]
[SourceVersion "1"]
[SourceVersionDate "2011.01.01"]
[SourceQuality "1"]

1. d4 d5 2. c4 c6 3. Nc3 Nf6 4. Nf3 a6 5. a4 g6 6. Bf4 Bg7 7. e3 O-O 8. Be2 Re8 9. O-O b6 10. Qb3 Bb7 11. Rfc1 e6 12. cxd5 exd5 13. a5 b5 14. Ne5 Nfd7 15. Nd3 Nf8 16. Nc5 Bc8 17. Bf3 Nbd7 18. Nd3 Ne6 19. Na2 Nxf4 20. Nxf4 Bb7 21. Nb4 Rc8 22. Nbd3 Bf8 23. g3 Bd6 24. h4 Kg7 25. Rc2 Nf6 26. Nc5 Bxc5 27. Rxc5 h6 28. Nd3 Nd7 29. Rc2 f5 30. Qb4 Qf6 31. Nf4 Rcd8 32. Rac1 Qe7 33. Qxe7+ Rxe7 34. Rxc6 Bxc6 35. Rxc6 Nf6 36. Ne6+ 1-0

[Event "Teplitsky-Yoos m"]
[Site "Vancouver CAN"]
[Date "1997.02.13"]
[Round "3"]
[White "Teplitsky, Yan"]
[Black "Yoos, John"]
[Result "0-1"]
[WhiteElo "2531"]
[BlackElo "2409"]
[PlyCount "62"]
[GameId "2160767911966485"]
[EventDate "1997.02.12"]
[EventType "match"]
[EventRounds "4"]
[EventCountry "CAN"]
[SourceTitle "CFC 1997.04"]
[SourceDate "2011.01.01"]
[SourceVersion "1"]
[SourceVersionDate "2011.01.01"]
[SourceQuality "1"]

1. d4 g6 2. e4 d6 3. c4 Bg7 4. Nc3 Nf6 5. Be2 O-O 6. Nf3 e5 7. O-O Nc6 8. d5 Ne7 9. Ne1 Nd7 10. Be3 f5 11. f3 f4 12. Bf2 g5 13. a4 Ng6 14. a5 Rf7 15. Nb5 Nf6 16. Nxa7 g4 17. Nxc8 g3 18. hxg3 fxg3 19. Bxg3 Nh5 20. Bh2 Ngf4 21. Nd3 Bh6 22. g4 Rxc8 23. Qe1 Bg5 24. Nxf4 Bxf4 25. Rf2 Be3 26. gxh5 Qh4 27. Bf1 Rxf3 28. Kh1 Bxf2 29. Qe2 Bg3 30. Qg2 Kh8 31. Qh3 Rxf1+ 0-1

[Event "Teplitsky-Yoos m"]
[Site "Vancouver CAN"]
[Date "1997.02.13"]
[Round "4"]
[White "Yoos, John"]
[Black "Teplitsky, Yan"]
[Result "1/2-1/2"]
[WhiteElo "2409"]
[BlackElo "2531"]
[PlyCount "103"]
[GameId "2160767911966486"]
[EventDate "1997.02.12"]
[EventType "match"]
[EventRounds "4"]
[EventCountry "CAN"]
[SourceTitle "CFC 1997.04"]
[SourceDate "2011.01.01"]
[SourceVersion "1"]
[SourceVersionDate "2011.01.01"]
[SourceQuality "1"]

1. e4 c5 2. Nf3 e6 3. d4 cxd4 4. Nxd4 a6 5. Bd3 Bc5 6. Nb3 Be7 7. Nc3 d6 8. Be3 Nf6 9. f4 Nc6 10. Qf3 Qc7 11. g4 b5 12. g5 Nd7 13. O-O-O Nb4 14. Kb1 Bb7 15. Nd4 Rc8 16. h4 Nc5 17. a3 Nbxd3 18. cxd3 Qa5 19. f5 b4 20. axb4 Qxb4 21. fxe6 Nxe6 22. Nxe6 fxe6 23. Rc1 Kd7 24. Qh3 Rc6 25. Na2 Qa4 26. Rxc6 Bxc6 27. Nc3 Qb4 28. Na2 Qb7 29. Rd1 Qb3 30. Rd2 Rf8 31. Bd4 g6 32. Nc1 Qa4 33. Bc3 Bd8 34. Qe3 Qb5 35. Rf2 Rxf2 36. Qxf2 Ke8 37. Qd4 Kd7 38. Qg7+ Kc8 39. Qxh7 Be8 40. Qa7 Qb7 41. Qd4 Qc6 42. Bb4 Bc7 43. Qf6 e5 44. h5 gxh5 45. g6 Bd8 46. Qf5+ Qd7 47. Qxh5 Qe6 48. Qh7 Bxg6 49. Qa7 a5 50. Bxa5 Bxa5 51. Qxa5 Be8 52. Qa8+ 1/2-1/2

[Event "CAN-ch"]
[Site "Toronto CAN"]
[Date "1996.08.14"]
[Round "1"]
[White "Livshits, Ron"]
[Black "Teplitsky, Yan"]
[Result "1/2-1/2"]
[WhiteElo "2390"]
[BlackElo "2450"]
[PlyCount "57"]
[GameId "2160767912024796"]
[EventDate "1996.08.14"]
[EventType "tourn"]
[EventRounds "15"]
[EventCountry "CAN"]
[EventCategory "4"]

1. d4 g6 2. c4 Bg7 3. e4 d6 4. Nc3 Nf6 5. f3 c6 6. Bg5 e5 7. d5 c5 8. Bd3 Nbd7 9. Nge2 h6 10. Be3 h5 11. Qd2 a6 12. a3 b6 13. O-O-O Qe7 14. Kb1 Rb8 15. Rdg1 Nf8 16. h3 h4 17. Bg5 Rh5 18. g4 hxg3 19. h4 Qc7 20. Nxg3 Rh7 21. h5 Nxh5 22. Nxh5 gxh5 23. Ne2 f6 24. Be3 Qf7 25. Rh2 Rb7 26. Rgh1 Qg6 27. Rg1 Qf7 28. Rgh1 Qg6 29. Rg1 1/2-1/2

[Event "CAN-ch"]
[Site "Toronto CAN"]
[Date "1996.08.15"]
[Round "2"]
[White "Teplitsky, Yan"]
[Black "Spraggett, Kevin"]
[Result "1/2-1/2"]
[WhiteElo "2450"]
[BlackElo "2530"]
[PlyCount "58"]
[GameId "2160767912024807"]
[EventDate "1996.08.14"]
[EventType "tourn"]
[EventRounds "15"]
[EventCountry "CAN"]
[EventCategory "4"]
[SourceTitle "CFC 1996.10"]
[Source "CFC"]
[SourceDate "2002.12.??"]
[SourceVersionDate "2002.12.??"]
[SourceQuality "1"]

1. Nf3 c5 2. c4 Nf6 3. Nc3 e6 4. g3 b6 5. Bg2 Bb7 6. O-O a6 7. d4 cxd4 8. Qxd4 d6 9. b3 Nbd7 10. Bb2 Be7 11. e4 O-O 12. Nd2 Qc7 13. Rac1 Rfe8 14. h3 Bf8 15. Rfe1 Rad8 16. b4 Rc8 17. a3 Qb8 18. f4 Red8 19. Qf2 Ba8 20. Qe2 g6 21. Kh2 Bg7 22. Red1 h5 23. Kh1 Re8 24. Ba1 Qc7 25. Re1 Bb7 26. Qf1 Qb8 27. Qe2 Qc7 28. Qf1 Qb8 29. Qe2 Qc7 1/2-1/2

[Event "CAN-ch"]
[Site "Toronto CAN"]
[Date "1996.08.16"]
[Round "3"]
[White "Jung, Hans"]
[Black "Teplitsky, Yan"]
[Result "1/2-1/2"]
[WhiteElo "2215"]
[BlackElo "2450"]
[PlyCount "137"]
[GameId "2160767912024811"]
[EventDate "1996.08.14"]
[EventType "tourn"]
[EventRounds "15"]
[EventCountry "CAN"]
[EventCategory "4"]
[SourceTitle "CFC 1996.10"]
[Source "CFC"]
[SourceDate "2002.12.??"]
[SourceVersionDate "2002.12.??"]
[SourceQuality "1"]

1. d4 g6 2. e4 Bg7 3. Nc3 c6 4. Bc4 d6 5. Bg5 Qb6 6. Qf3 Be6 7. Bxe6 fxe6 8. O-O-O Bxd4 9. Nge2 Bxc3 10. Qxc3 e5 11. Nf4 Na6 12. Ne6 Nc7 13. Be3 c5 14. Bxc5 dxc5 15. Qxe5 Qxe6 16. Qxh8 h6 17. Kb1 Rd8 18. f4 Nb5 19. f5 gxf5 20. exf5 Rxd1+ 21. Rxd1 Qc4 22. Qg7 Nd6 23. Qe5 Qe4 24. Qxc5 Qxf5 25. Qxa7 Nf6 26. Qe3 h5 27. a3 Nfe4 28. Qe2 Qe5 29. Ka1 Qxh2 30. Rd5 h4 31. Rh5 Qf4 32. Qe1 Qg3 33. Qf1 Kd7 34. Rd5 Ke8 35. Rh5 Kd7 36. Rd5 Kc6 37. Rd3 Qf2 38. Rc3+ Kd7 39. Qxf2 Nxf2 40. Rf3 Ng4 41. Rf4 Ne3 42. Rxh4 Nxg2 43. Rh2 Ne3 44. b3 e5 45. c4 Nef5 46. Kb2 Kc6 47. Rh5 Kc5 48. Rh2 Ne4 49. Rh7 Kc6 50. b4 Ned6 51. c5 Nc4+ 52. Kb3 Nd2+ 53. Kc3 Ne4+ 54. Kc4 b5+ 55. cxb6 Ned6+ 56. Kb3 Nd4+ 57. Kc3 N4b5+ 58. Kb2 Nc4+ 59. Kb3 Nxb6 60. a4 Nd4+ 61. Ka3 Nc2+ 62. Kb2 Nxb4 63. Kb3 N4d5 64. Rh6+ Kc7 65. a5 Nd7 66. Re6 Nc5+ 67. Kc4 Nxe6 68. Kxd5 Kb7 69. Kxe5 1/2-1/2

[Event "CAN-ch"]
[Site "Toronto CAN"]
[Date "1996.08.17"]
[Round "4"]
[White "Teplitsky, Yan"]
[Black "Baragar, Fletcher"]
[Result "1-0"]
[WhiteElo "2450"]
[BlackElo "2305"]
[PlyCount "97"]
[GameId "2160767912024823"]
[EventDate "1996.08.14"]
[EventType "tourn"]
[EventRounds "15"]
[EventCountry "CAN"]
[EventCategory "4"]

1. Nf3 Nf6 2. c4 g6 3. Nc3 Bg7 4. e4 d6 5. d4 O-O 6. Be2 e5 7. d5 a5 8. h4 h5 9. Bg5 Qe8 10. Nd2 Na6 11. Nb3 b6 12. Nc1 Nc5 13. f3 Nh7 14. Be3 f5 15. Nd3 Nf6 16. Nxc5 bxc5 17. Bd3 Kh8 18. Qd2 Ng8 19. O-O-O Rf7 20. Kb1 Qf8 21. Rc1 Bh6 22. Ne2 Bxe3 23. Qxe3 Qh6 24. Qxh6+ Nxh6 25. Rc3 f4 26. Ra3 Rf8 27. Bc2 Bd7 28. Ba4 Bxa4 29. Rxa4 Rfb8 30. Nc3 Rb4 31. Rxb4 axb4 32. Nb5 Rc8 33. Kc2 Ng8 34. Ra1 Nf6 35. a3 bxa3 36. Rxa3 Ne8 37. Kc3 Kg7 38. b4 cxb4+ 39. Kxb4 Kf6 40. c5 g5 41. Ra6 Rb8 42. Kc4 Ke7 43. hxg5 Kd7 44. Ra7 dxc5 45. Kxc5 Kd8 46. g6 Rb6 47. Ra8+ Kd7 48. Rxe8 Kxe8 49. Nxc7+ 1-0

[Event "CAN-ch"]
[Site "Toronto CAN"]
[Date "1996.08.18"]
[Round "5"]
[White "Yoos, John"]
[Black "Teplitsky, Yan"]
[Result "1/2-1/2"]
[WhiteElo "2335"]
[BlackElo "2450"]
[PlyCount "100"]
[GameId "2160767912024831"]
[EventDate "1996.08.14"]
[EventType "tourn"]
[EventRounds "15"]
[EventCountry "CAN"]
[EventCategory "4"]

1. e4 c5 2. Nf3 d6 3. d4 cxd4 4. Nxd4 Nf6 5. Nc3 Nc6 6. Bg5 e6 7. Qd2 a6 8. O-O-O h6 9. Be3 Bd7 10. f4 b5 11. Bd3 Be7 12. h3 Nxd4 13. Bxd4 Bc6 14. Rhe1 b4 15. Ne2 e5 16. Be3 Qa5 17. Kb1 Bxe4 18. fxe5 Bd5 19. c4 bxc3 20. Nxc3 dxe5 21. Nxd5 Qxd5 22. Qc2 Qb7 23. Qa4+ Kf8 24. Bd2 Rb8 25. Bc3 Nd5 26. Bxe5 Qxb2+ 27. Bxb2 Nc3+ 28. Ka1 Nxa4 29. Be5 Bf6 30. Bxa6 Bxe5+ 31. Rxe5 g6 32. Bc4 Rc8 33. Bb3 Nc5 34. Bd5 Rc7 35. Rde1 Nd3 36. Re8+ Kg7 37. R8e7 Rhc8 38. Rxc7 Rxc7 39. Rd1 Nc5 40. Bf3 Kf6 41. Rd6+ Ke5 42. Rc6 Rxc6 43. Bxc6 g5 44. Kb2 Kd4 45. Kc2 f5 46. Kd2 h5 47. Ke2 h4 48. Be8 g4 49. a4 gxh3 50. gxh3 Nxa4 1/2-1/2

[Event "CAN-ch"]
[Site "Toronto CAN"]
[Date "1996.08.19"]
[Round "6"]
[White "Teplitsky, Yan"]
[Black "Nickoloff, Bryon"]
[Result "1/2-1/2"]
[WhiteElo "2450"]
[BlackElo "2410"]
[PlyCount "34"]
[GameId "2160767912024838"]
[EventDate "1996.08.14"]
[EventType "tourn"]
[EventRounds "15"]
[EventCountry "CAN"]
[EventCategory "4"]

1. Nf3 Nf6 2. c4 e6 3. g3 d5 4. Bg2 dxc4 5. Na3 Bxa3 6. bxa3 b5 7. Rb1 a6 8. a4 Bb7 9. axb5 Be4 10. Rb4 axb5 11. Rxb5 Rxa2 12. Bb2 Nbd7 13. Qc1 Nb6 14. O-O O-O 15. Rd1 Bc6 16. Rc5 Bd5 17. Rb5 Bc6 1/2-1/2

[Event "CAN-ch"]
[Site "Toronto CAN"]
[Date "1996.08.20"]
[Round "7"]
[White "Taylor, Gordon"]
[Black "Teplitsky, Yan"]
[Result "0-1"]
[WhiteElo "2340"]
[BlackElo "2450"]
[PlyCount "80"]
[GameId "2160767912024847"]
[EventDate "1996.08.14"]
[EventType "tourn"]
[EventRounds "15"]
[EventCountry "CAN"]
[EventCategory "4"]

1. d4 Nf6 2. c4 g6 3. Nc3 Bg7 4. e4 d6 5. Be2 O-O 6. Nf3 Nbd7 7. O-O e5 8. Qc2 c6 9. d5 c5 10. Rb1 Kh8 11. b4 cxb4 12. Rxb4 Nc5 13. Be3 Nfd7 14. Nd2 f5 15. exf5 gxf5 16. f4 Qf6 17. Nb5 exf4 18. Bxf4 Ne5 19. Rbb1 Bd7 20. Nb3 Ne4 21. Nd2 b6 22. Nxe4 fxe4 23. Be3 Qg6 24. Rxf8+ Bxf8 25. Kh1 Bg7 26. Rf1 Nd3 27. Qd2 Bxb5 28. cxb5 Rc8 29. Bxd3 exd3 30. Rc1 Rc2 31. Rxc2 dxc2 32. h3 Qe4 33. Bh6 Bxh6 34. Qxh6 Kg8 35. Qg5+ Kf7 36. Qh5+ Kf6 37. Qh6+ Ke5 38. Qg5+ Kd4 39. Qd2+ Kc4 40. a3 Qd3 0-1

[Event "CAN-ch"]
[Site "Toronto CAN"]
[Date "1996.08.21"]
[Round "8"]
[White "Teplitsky, Yan"]
[Black "Gravel, Simon M"]
[Result "1-0"]
[WhiteElo "2450"]
[BlackElo "2452"]
[PlyCount "77"]
[GameId "2160767912024854"]
[EventDate "1996.08.14"]
[EventType "tourn"]
[EventRounds "15"]
[EventCountry "CAN"]
[EventCategory "4"]

1. Nf3 Nf6 2. c4 g6 3. Nc3 Bg7 4. e4 d6 5. d4 O-O 6. Be2 c5 7. O-O Bg4 8. d5 e6 9. dxe6 fxe6 10. Ng5 Bxe2 11. Nxe2 Qe7 12. Nf4 e5 13. Nd5 Qd7 14. Nxf6+ Rxf6 15. Be3 h6 16. Nf3 Qe6 17. Qd5 Nc6 18. Nd2 Kh7 19. Qxe6 Rxe6 20. Nb1 Rf8 21. Nc3 Bf6 22. Rfd1 Bd8 23. Rd3 Nb4 24. Rd2 Nc6 25. Nb5 Rff6 26. Rad1 a6 27. Nxd6 Ba5 28. Rd5 b6 29. Nb7 Re7 30. Rd7 Rff7 31. Rxe7 Rxe7 32. Nxa5 Nxa5 33. b3 Nb7 34. Rd5 a5 35. Bd2 g5 36. Bc3 Kg6 37. Bxe5 Kf7 38. f3 Ke6 39. Bc3 1-0